ロード中...

Mathrubhumi yearbook: knowledge and beyond plus 2015

書誌詳細
その他の著者: Methrubhumi
フォーマット: Printed Book
出版事項: Kozhikode Mathrubhumi 2015
主題:
LEADER 00526nam a22001577a 4500
003 OSt
020 |a 9788182662292 
082 |a 001.2  |b MAT/MA 
245 |a Mathrubhumi yearbook:  |b knowledge and beyond plus 2015 
260 |a Kozhikode  |b Mathrubhumi  |c 2015 
300 |a 1024 Pages 
650 |a General knowledge 
700 |a Methrubhumi 
942 |2 ddc  |c REF 
999 |c 141959  |d 141959 
952 |0 0  |1 0  |2 ddc  |4 0  |6 001_200000000000000_MATMA  |7 1  |8 REF  |9 140897  |a KAUCLV  |b KAUCLV  |c REF  |d 2015-11-17  |g 225.00  |o 001.2 MAT/MA  |p 224690  |r 2016-05-07  |w 2015-11-17  |y REF